书目信息 |
| 题名: |
绿色建筑光环境设计
|
|
| 作者: | 李继业 , 贾雍 , 李勇 主编 | |
| 分册: | ||
| 出版信息: | 北京 化学工业出版社 2016.7 |
|
| 页数: | 341页 | |
| 开本: | 26cm | |
| 丛书名: | 绿色建筑工程设计技术丛书 | |
| 单 册: | ||
| 中图分类: | TU113.6 | |
| 科图分类: | ||
| 主题词: | 生态建筑--建筑照明--照明设计 | |
| 电子资源: | ||
| ISBN: | 978-7-122-25454-2 | |
| 000 | 01093nam 2200289 450 | |
| 001 | 0400003055 | |
| 005 | 20171021180634.0 | |
| 010 | @a978-7-122-25454-2@dCNY88.00 | |
| 100 | @a20160718d2016 em y0chiy50 ea | |
| 101 | 0 | @achi |
| 102 | @aCN@b110000 | |
| 105 | @aa z 000yy | |
| 106 | @ar | |
| 200 | 1 | @a绿色建筑光环境设计@9lv se jian zhu guang huan jing she ji@f李继业,贾雍,李勇主编 |
| 210 | @a北京@c化学工业出版社@d2016.7 | |
| 215 | @a341页@c图,照片@d26cm | |
| 225 | 1 | @a绿色建筑工程设计技术丛书 |
| 307 | @a实际页数为:342 | |
| 330 | @a本书根据我国最新规范、标准和方法,比较系统地介绍了绿色建筑光环境基本概论、建筑光学的基本知识、绿色照明设计的内容和原则、建筑自然光环境设计原理、建筑室内光环境的设计、建筑室外光环境的设计、绿色照明系统经济效益分析的基本方法和工程设计实例。 | |
| 410 | 0 | @12001 @a绿色建筑工程设计技术丛书 |
| 606 | 0 | @a生态建筑@x建筑照明@x照明设计 |
| 690 | @aTU113.6@v5 | |
| 701 | 0 | @a李继业@9li ji ye@4主编 |
| 701 | 0 | @a贾雍@9jia yong@4主编 |
| 701 | 0 | @a李勇@9li yong@4主编 |
| 801 | 0 | @aCN@b91MARC@c20171021 |
| 905 | @b1033236-40@dTU113.6@f5@e1162 | |
| 绿色建筑光环境设计/李继业,贾雍,李勇主编.-北京:化学工业出版社,2016.7 |
| 341页:图,照片;26cm.-(绿色建筑工程设计技术丛书) |
| ISBN 978-7-122-25454-2:CNY88.00 |
| 本书根据我国最新规范、标准和方法,比较系统地介绍了绿色建筑光环境基本概论、建筑光学的基本知识、绿色照明设计的内容和原则、建筑自然光环境设计原理、建筑室内光环境的设计、建筑室外光环境的设计、绿色照明系统经济效益分析的基本方法和工程设计实例。 |
| ● |
| 相关链接 |
|
|
|
|
正题名:绿色建筑光环境设计
索取号:TU113.6/1162
 
预约/预借
| 序号 | 登录号 | 条形码 | 馆藏地/架位号 | 状态 | 备注 |
| 1 | 1033236 | 210332362 | 第二样本阅览室/ [索取号:TU113.6/1162] | 在馆 | |
| 2 | 1033237 | 210332371 | 密集书库-生命科学系/ [索取号:TU113.6/1162] | 在馆 | |
| 3 | 1033238 | 210332380 | 第三借阅区/ [索取号:TU113.6/1162] | 在馆 | |
| 4 | 1033239 | 210332399 | 第三借阅区/ [索取号:TU113.6/1162] | 在馆 | |
| 5 | 1033240 | 210332406 | 第三借阅区/ [索取号:TU113.6/1162] | 在馆 |